000 00682nam a2200241Ia 4500
003 OSt
005 20220925235504.0
006 a|||||r|||| 00| 0
007 ta
008 220923b |||||||| |||| 00| 0 eng d
037 _cGeneral Book
040 _aRTL
_cRTL
_beng
041 _2eng
_aeng
082 _aU672 (J).2.N9, N1
100 _aPathak Mohan
_9301348
245 0 _aFlood plains and agricultural occupance
260 _a New Delhi
_bDeep & Deep India
_c1991
300 _a212p
_ccm.
500 _aBibliography:P201-09
650 _aAgricultural Geography
942 _hU672 (J).2.N9, N1
_cGB
_2CC
999 _c597381
_d597381